000
00302nam a2200145Ia 4500
100
_a
Wartikar/ P.N.
490
_v
I
942
_c
BK
654
_a
Applied Mathematics
245
_a
Applied Mathematics
260
_b
P.V.G.Prakashan
_a
Pune
_c
1984
300
_a
924
546
_a
ENGLISH
999
_c
32508
_d
32508